Curso de dibujo industrial ó Lecciones dadas en la enseñanza de la delineación aplicada á las artes y á las máquinas en el Conservatorio de Artes de Madrid. (Record no. 167568)

MARC details
000 -LEADER
campo de control de longitud fija 00906nam a22001935i 4500
001 - NÚMERO DE CONTROL
campo de control 167568
003 - IDENTIFICADOR DE NÚMERO DE CONTROL
campo de control ES-MaACL
005 - FECHA Y HORA DE LA ÚLTIMA TRANSACCIÓN
campo de control 20230906213543.0
008 - DATOS DE LONGITUD FIJA--INFORMACIÓN GENERAL
campo de control de longitud fija 960408s1852 sp |||| | spa d
040 ## - FUENTE DE CATALOGACIÓN
Centro catalogador/agencia de origen CLM
Lengua de catalogación spa
Centro/agencia transcriptor CLM
100 1# - ENTRADA PRINCIPAL--NOMBRE DE PERSONA
Nombre de persona Villanueva, Isaac.
9 (RLIN) 133745
245 10 - MENCIÓN DEL TÍTULO
Título Curso de dibujo industrial ó Lecciones dadas en la enseñanza de la delineación aplicada á las artes y á las máquinas en el Conservatorio de Artes de Madrid.
Número de parte o sección de la obra Parte primera,
Nombre de parte o sección de la obra Contiene los elementos de la geometría y sus aplicaciones al dibujo de adorno y de la figura en cuatro láminas /
Mención de responsabilidad, etc. por Isaac Villanueva.
250 ## - MENCION DE EDICION
Mención de edición 3ª ed.
260 ## - PUBLICACIÓN, DISTRIBUCIÓN, ETC.
Lugar de publicación, distribución, etc. Madrid :
Nombre del editor, distribuidor, etc. [s.n.],
Fecha de publicación, distribución, etc. 1852 (
Fabricante Imprenta de la compañía de Impresores y Libreros del Reino)
300 ## - DESCRIPCIÓN FÍSICA
Extensión 68 p. ;
Dimensiones 22 cm.
500 ## - NOTA GENERAL
Nota general Solo texto.
650 #4 - PUNTO DE ACCESO ADICIONAL DE MATERIA--TÉRMINO DE MATERIA
Término de materia o nombre geográfico como elemento de entrada Diseño industrial.
9 (RLIN) 11945
852 ## - LOCALIZACIÓN
Ubicación ES-MaACL
Número de control de estantería T-704-F-4
Nota libre -- Enc. hol., conservando la cub. original
Holdings
Estatus retirado Estado de pérdida Estado de daño No para préstamo Colección Biblioteca de origen Biblioteca actual Ubicación en estantería Fecha de adquisición Fuente de adquisición Total de préstamos Signatura topográfica completa Código de barras Visto por última vez Precio de reemplazo Tipo de ítem Koha
        Colección de folletos Biblioteca del Ateneo de Madrid Biblioteca del Ateneo de Madrid Depósito folletos 17/01/2008     T-704-F 1175798 23/02/2023 23/02/2023 Folleto
        Colección de folletos Biblioteca del Ateneo de Madrid Biblioteca del Ateneo de Madrid Depósito folletos 17/07/2014     T-704-F-4 1192923 23/02/2023 23/02/2023 Folleto